000 00426nam a2200193Ia 4500
008 240509s9999 xx 000 0 und d
020 _a0000672308738
041 _aEng
082 _a005.7575
082 _bL82
100 _aLUERS,TOM
245 0 _aESSENTIAL ORACLE 7
260 _bINDIANAPOLIS : SAMS
260 _c1995
300 _a485 p.
650 _aORACLE : DATABASE SYSTEMS
942 _2ddc
942 _cLBK
999 _c22342
_d22342
945 _a1
_bMadushi Gamage
_c1
_dMadushi Gamage